00261nam a2200097Ia 4500008004100000082002000041100002100061245003600082260003700118300000800155150731s2011 xx 000 0 und d a615.538bD 11 H aHEGDE,PRAKASH L. 2aA TEXTBOOK OF DRAVYAYANA VIJANA bCHAUKHAMBHA PUB. NEW DELHIc2011 a631